| 000 | 00645nam a2200253Ia 4500 | ||
|---|---|---|---|
| 003 | OSt | ||
| 005 | 20250411102300.0 | ||
| 008 | 210323s9999||||xx |||||||||||||| ||und|| | ||
| 020 | _a9780140150704 | ||
| 040 | _cSTCPL | ||
| 041 | _aENG | ||
| 041 | _hENG | ||
| 082 |
_a820.8 _bCAM-T |
||
| 245 | 4 |
_aThe portable jung / _cedited by Joseph Campbell |
|
| 260 |
_aNew Delhi : _bPenguin Books , _c1971 . |
||
| 300 |
_a650 p. _bPB |
||
| 650 | _a Philosophy and psychology | ||
| 650 | _a Psychology | ||
| 650 | _a Theory and Instruction | ||
| 650 | _aSystems | ||
| 700 | _aCampbell, Joseph (ed.) | ||
| 942 | _cBK | ||
| 942 |
_2ddc _n0 |
||
| 999 |
_c58243 _d58243 |
||